000 00665nam a2200205 a 4500
001 000013485
005 20240530073916.0
008 091125s2004 dr 000 f spa d
020 _a9993455466
040 _aDO-SdBNP
_bspa
_cBNPHU
082 _aRD863.44
_bM385p
100 1 _aMartínez, Richard
_930813
245 1 0 _aPoncio Pilatos :
_bel primer pragmático de nuestra era /
_cRichard Martínez.
260 _aSanto Domingo :
_bAmigo del Hogar,
_c2004.
300 _a199 p. ;
_c23 cm.
500 _aIncluye datos biográficos del autor en la solapa de la cubierta.
650 0 _aNovela dominicana
_9223
650 0 _aLiteratura dominicana.
_967
049 _aBNPD
999 _c13109
_d13109